Flags of Europe #6 - Statistics

General Stats
  • This quiz has been taken 32 times
  • The average score is 8 of 8
Answer Stats
Picture Answer % Correct
Latvia
100%
Monaco
100%
Albania
97%
Belarus
97%
Hungary
97%
Malta
97%
Liechtenstein
94%
Azerbaijan
84%
No matching quizzes found
Score Distribution
Percent of People with Each Score
Percentile by Number Answered
Your Score History
You have not taken this quiz